Qaraquram ke qabail (Record no. 531425)
[ view plain ]
| 000 -LEADER | |
|---|---|
| fixed length control field | 00681nam a22001817a 4500 |
| 003 - CONTROL NUMBER IDENTIFIER | |
| control field | NUST |
| 005 - DATE AND TIME OF LATEST TRANSACTION | |
| control field | 20191016103851.0 |
| 038 ## - RECORD CONTENT LICENSOR | |
| Staff Name | MSOHAIL |
| 082 ## - DEWEY DECIMAL CLASSIFICATION NUMBER | |
| Classification number | 0 |
| 100 ## - MAIN ENTRY--PERSONAL NAME | |
| Personal name | Prof. Usman Ali |
| 9 (RLIN) | 21006 |
| 245 ## - TITLE STATEMENT | |
| Title | Qaraquram ke qabail |
| 260 ## - PUBLICATION, DISTRIBUTION, ETC. | |
| Place of publication, distribution, etc. | Lahore |
| Name of publisher, distributor, etc. | Sang-e-Meel |
| Date of publication, distribution, etc. | 2000 |
| 300 ## - PHYSICAL DESCRIPTION | |
| Extent | 583,p; |
| Dimensions | 22cm |
| Accompanying material | H.B. |
| 440 ## - SERIES STATEMENT/ADDED ENTRY--TITLE | |
| Name of part/section of a work | Clans -- Karakoram Range Region -- History. Clans -- Pakistan -- Northern Areas -- History. Clans. |
| 9 (RLIN) | 24106 |
| 500 ## - GENERAL NOTE | |
| General note | <br/>Historical background of the tribes living near the Karaqoram Range in Northern Areas, Pakistan. |
| 504 ## - BIBLIOGRAPHY, ETC. NOTE | |
| Bibliography, etc. note | <br/>Clans -- Karakoram Range Region -- History.<br/>Clans -- Pakistan -- Northern Areas -- History.<br/>Clans. |
| 942 ## - ADDED ENTRY ELEMENTS (KOHA) | |
| Source of classification or shelving scheme | |
| Koha item type | Book |
| Withdrawn status | Lost status | Source of classification or shelving scheme | Damaged status | Not for loan | Permanent Location | Current Location | Date acquired | Total Checkouts | Barcode | Date last seen | Price effective from | Koha item type |
|---|---|---|---|---|---|---|---|---|---|---|---|---|
| School of Civil and Environmental Engineering (SCEE) | School of Civil and Environmental Engineering (SCEE) | 10/16/2019 | NIT-11426 | 10/16/2019 | 10/16/2019 | Book |
